Statistics for Bodies of Water That Appear on a Map

Click here to take the quiz!

General Stats

  • This quiz has been taken 115 times
  • The average score is 120 of 196

Answer Stats

Answer% Correct
.Red Sea
95%
.Caspian Sea
94%
.North Sea
94%
.East Sea / Sea of Japan
93%
.Adriatic Sea
92%
.Baltic Sea
92%
.Bay of Bengal
92%
.Lake Victoria
92%
.Aegean Sea
91%
.Bering Sea
91%
.Caribbean Sea
91%
.Persian Gulf
91%
.Bering Strait
90%
.Gulf of Mexico
90%
.Hudson Bay
90%
.Irish Sea
90%
.South China Sea
90%
.Lake Erie
89%
.Lake Huron / Lake Michigan-Huron
89%
.Mediterranean
89%
.Lake Ontario
88%
.Coral Sea
86%
.Lake Michigan / Lake Michigan-Huron
86%
.East China Sea
85%
.Lake Superior
85%
.Lake Titicaca
85%
.Amazon River
84%
.Lake Tanganyika
84%
.Mississippi River
84%
.Norwegian Sea
84%
.Tyrrhenian Sea
84%
.White Sea
84%
.English Channel
83%
.Missouri River
83%
.Tasman Sea
83%
.Black Sea
82%
.Greenland Sea
82%
.Gulf of Bothnia
82%
.Ionian Sea
82%
.Kara Sea
82%
.Sea of Azov
82%
.Andaman Sea
81%
.Great Bear Lake
81%
.Lake Malawi
81%
.Great Slave Lake
80%
.Gulf of Aden
80%
.Gulf of Thailand
80%
.Ligurian Sea
80%
.Nile River
80%
.Arafura Sea
78%
.Barents Sea
78%
.Danube River
78%
.Lake Nicaragua
78%
.Lake Winnipeg
78%
.Celtic Sea
77%
.Lake Ladoga
77%
.Lake Onega
77%
.Niger
77%
.Gulf of Carpentaria
76%
.Laptev Sea
76%
.Arabian Sea
75%
.Balearic Sea
75%
.Celebes Sea
75%
.Colorado River
75%
.Dead Sea
75%
.Gulf of Alaska
75%
.Rio de la Plata
75%
.Beaufort Sea
74%
.Chukchi Sea
74%
.Gulf of California
74%
.Suez Canal
74%
.Alboran Sea
73%
.Athabasca
73%
.Gulf of Oman
73%
.Java Sea
72%
.Mozambique Channel
72%
.Sulu Sea
72%
.Timor Sea
72%
.Aral Sea
70%
.Gulf of Finland
70%
.Salish Sea
70%
.Kattegat
69%
.Sea of Okhotsk
69%
.Solomon Sea
69%
.Weddell Sea
69%
.Savu Sea
68%
.Bay of Fundy
67%
.Indus River
67%
.Labrador Sea
67%
.Lake Chad
67%
.Philippine Sea
67%
.Sea of Marmara
67%
.Strait of Gibraltar
67%
.Banda Sea
66%
.Flores Sea
66%
.Levantine Sea
66%
.Strait of Magellan
66%
.Amundsen Sea
65%
.East Siberian Sea
64%
.Great Salt Lake
64%
.Gulf of Maine
64%
.Gulf of St. Lawrence
64%
.Lake Balkhash
64%
.Libyan Sea
64%
.Davis Strait
63%
.Denmark Strait
63%
.Euphrates River
63%
.Ganges River
63%
.Gulf of Aqaba
63%
.Ross Sea
63%
.Strait of Hormuz
63%
.San Francisco Bay
61%
.Thames River
61%
.Gulf of Tonkin
60%
.James Bay
60%
.Ural River
60%
.Bass Strait
59%
.Lake Maracaibo
59%
.Bristol Channel
58%
.Loire River
58%
.Ohio River
58%
.Skagerak
58%
.Tigris River
58%
.Bellingshausen Sea
57%
.Hudson Strait
57%
.Baffin Bay
56%
.Gulf of Panama
56%
.Santiago del Estero
56%
.Slave Coast
56%
.Blue Nile River
53%
.Ivory Coast
53%
.Northwestern Passages
53%
.Represa de Sobradinho
53%
.White Nile River
53%
.Bismarck Sea
52%
.Chesapeake Bay
52%
.Gulf of San Matías
52%
.Lake Peipus
52%
.Dnipro River
51%
.Lake Poopó
51%
.Negro River
51%
.Gulf of San Jorge
50%
.Puget Sound
50%
.Lake Nasser
49%
.Makassar Strait
48%
.Gulf of Suez
47%
.Lake Rudolf
47%
.Reindeer Lake
47%
.Strait of Malacca
47%
.Gold Coast
45%
.Lake Volta
45%
.Skeleton Coast
45%
.Bohol Sea
44%
.Great Australian Bight
43%
.Lake Eyro
43%
.Lop Nur
43%
.Magdalena River
43%
.Palk Strait
42%
.Strait of Florida
42%
.Bohai Sea
41%
.Grain Coast
40%
.Tapajos River
40%
.Uruguay River
40%
.Ili River
39%
.Limpopo River
39%
.Thunder Bay
39%
.Gulf of Boni
38%
.Queen Charlotte Sound
38%
.Senegal River
38%
.Strait of Taiwan
38%
.Lake Kariba
36%
.Malabar Coast
36%
.Rio Grande do Sul
36%
.Ha Long Bay
34%
.Gulf of Campeché
33%
.Selenga River
33%
.Mackenzie Bay
32%
.Lake Tungting
31%
.Tatar Strait
31%
.Coromandel Coast
30%
.Brahmaputra River
28%
.Maranon River
26%
.Cunene River
22%
.Godavari River
18%
.Gulf of Tehuantepec
8%
.Helmand River
8%
.Gulf of Sirte
7%
.Kasai River
5%
.Ubangi River
5%
.Amudarya River
0%
.Cwango River
0%
.Hongsbui River
0%
.Lualaba River
0%
.Shelikhova Gulf
0%
.Syr Darya River
0%
.Ucayali River
0%

Score Distribution

Percentile by Number Answered

Percent of People with Each Score

Your Score History

You have not taken this quiz